南京市高淳区行政区划,但1986年以来 - Statistics

General Stats
  • This quiz has been taken 5 times
  • The average score is 9 of 35
Answers on the Map
Answers color-coded by a green-red scale on the quiz's map according to % correct below.
 
Answer Stats
提示 答案 % Correct
--1988 东坝乡
50%
--1989 固城乡
50%
--1999 古柏乡
50%
--2015 淳溪镇
50%
1988--2019 东坝镇
50%
1989--2019 固城镇
50%
1999--2015 古柏镇
50%
2015-- 淳溪街道
50%
2015-- 古柏街道
50%
2019-- 东坝街道
50%
2019-- 固城街道
50%
--1989 桠溪乡
25%
--1993 定埠乡
25%
--1993 漆桥乡
25%
--1999 下坝乡
25%
--2000 砖墙乡
25%
1989--2019 桠溪镇
25%
1993--2005 定埠镇
25%
1993--2019 漆桥镇
25%
1999-- 阳江镇
25%
2000-- 砖墙镇
25%
2019-- 漆桥街道
25%
2019-- 桠溪街道
25%
--1993 沧溪乡
0%
--1996 保胜乡
0%
--1996 双塔乡
0%
--1999 漕塘乡
0%
--1999 丹湖乡
0%
--1999 凤山乡
0%
--1999 顾陇乡
0%
--1999 青山乡
0%
--1999 狮树乡
0%
--1999 薛城乡
0%
1990--1996 西莲乡
0%
1993--1999 沧溪镇
0%
No matching quizzes found
Score Distribution
Percent of People with Each Score
Percentile by Number Answered
Your Score History
You have not taken this quiz